000 00444nam a2200157 4500
001 131137
003 ES-MaACL
005 20230906193925.0
007 t|
008 070214n19001990fr r ||||1| fre d
100 1 _aRodenbach, Georges.
_998118
245 1 0 _aBruges-la-morte
_b: roman /
_cGeorges Rodenbach.
260 _aParis :
_b[s.n.],
_c[19__?] (
_fImp. Hemmerlé et Cie.)
300 _aII, 275 p. ;
_c19 cm.
852 _aES-MaACL
_jF-9522
999 _c131137
_d131137